| 000 | 00714nam a2200205 4500 | ||
|---|---|---|---|
| 005 | 20211111110352.0 | ||
| 008 | 211111s1982 pe |||fr|||| 001 0 spa d | ||
| 040 |
_aCENDOC CAAAP _bspa _cCAAAP |
||
| 041 | _aspa | ||
| 050 |
_aPM 5337.A5 _b.C93 |
||
| 100 | 1 |
_91821 _aCuesta, José Martín P (S.J.) |
|
| 245 | 1 | 3 |
_aEl aguaruna : _bla lengua del cóndor / _cJosé Martín P. Cuesta (S.J.) |
| 250 | _a1ra ed. | ||
| 260 |
_aLima: _bLibreria Studium, _c1982 |
||
| 300 | _a87 p. | ||
| 505 | _aContiene : Prólogo obligado -- Algunas nociones gramaticales de la lengua aguaruna -- Pequeño diccionario español-aguaruna. | ||
| 650 | 1 | 0 |
_91010 _aLengua Aguaruna |
| 650 | 2 | 0 |
_94358 _aGramática |
| 942 |
_2lcc _b11 - 11 - 21 _cBK |
||
| 999 |
_c2849 _d2849 |
||